00370 2200157 4500001002100000005001500021035002000036245002400056100001400080300003000094260003200124082000800156084001400164020002200178990001200200INLIS00000000000317420251127093053 a0010-11250000351 aPulang /cTere Liye0 aTere Liye a400 hlm ;c13,5 x 20,5 cm aJakarta :bRepublika,c2015 a813 a813 TER p a978-602-0822-12-9 a0754562